MARC details
| 000 -LEADER |
| campo de control de longitud fija |
01486nas a2200349 i 4500 |
| 001 - NÚMERO DE CONTROL |
| campo de control |
1818 |
| 003 - IDENTIFICADOR DE NÚMERO DE CONTROL |
| campo de control |
ES-MaACL |
| 005 - FECHA Y HORA DE LA ÚLTIMA TRANSACCIÓN |
| campo de control |
20250809062530.0 |
| 008 - DATOS DE LONGITUD FIJA--INFORMACIÓN GENERAL |
| campo de control de longitud fija |
950801c1913 sp b| | 1 |spa d |
| 022 ## - NÚMERO INTERNACIONAL NORMALIZADO PARA PUBLICACIONES SERIADAS |
| Número Internacional Normalizado para Publicaciones Seriadas |
0034-7922 |
| 040 ## - FUENTE DE CATALOGACIÓN |
| Centro/agencia transcriptor |
ES-MaACL |
| 080 ## - NÚMERO DE LA CLASIFICACIÓN DECIMAL UNIVERSAL |
| Número de la Clasificación Decimal Universal |
347(460) |
| 245 00 - MENCIÓN DEL TÍTULO |
| Título |
Revista de derecho privado : |
| Resto del título |
publicación mensual para el estudio de las cuestiones prácticas del derecho español civil, mercantil y administrativo / |
| Mención de responsabilidad, etc. |
dir., Felipe Clemente de Diego y José María Navarro de Palencia. |
| 260 ## - PUBLICACIÓN, DISTRIBUCIÓN, ETC. |
| Lugar de publicación, distribución, etc. |
Madrid : |
| Nombre del editor, distribuidor, etc. |
E. Mestre, |
| Fecha de publicación, distribución, etc. |
1913- |
| 300 ## - DESCRIPCIÓN FÍSICA |
| Extensión |
101 v. ; |
| Dimensiones |
28 cm. |
| 310 ## - PERIODICIDAD ACTUAL |
| Periodicidad actual |
Bimestral, |
| Fecha de comienzo de la periodicidad actual |
2000- |
| 321 ## - PERIODICIDAD ANTERIOR |
| Periodicidad anterior |
Mensual, |
| Fechas de la periodicidad anterior |
1913-1999 |
| 362 0# - FECHAS DE PUBLICACIÓN Y/O DESIGNACIÓN SECUENCIAL |
| Fecha de publicación y/o designación secuencial |
Año 1, n. 1 (15 oct. 1913)- |
| 500 ## - NOTA GENERAL |
| Nota general |
No se publicó de sept. de 1936 a 1939. |
| 555 8# - NOTA DE ÍNDICE ACUMULATIVO U OTROS INSTRUMENTOS BIBLIOGRÁFICOS |
| Nota de índice acumulativo u otros instrumentos bibliográficos |
Cada año acompañado de un índice. |
| 555 ## - NOTA DE ÍNDICE ACUMULATIVO U OTROS INSTRUMENTOS BIBLIOGRÁFICOS |
| Nota de índice acumulativo u otros instrumentos bibliográficos |
sistemático general de t. 31 (1947)-t. 40 (1956), 1 v.; t. 53 (1969)-t. 62 (1978), 1 v.; t. 63 (1979)-t. 72 (1988), 1 v. |
| 650 17 - PUNTO DE ACCESO ADICIONAL DE MATERIA--TÉRMINO DE MATERIA |
| Término de materia o nombre geográfico como elemento de entrada |
Derecho |
| Fuente del encabezamiento o término |
embne |
| 9 (RLIN) |
11602 |
| 655 #7 - TERMINO DE INDIZACIÓN--GENERO/FORMA |
| 9 (RLIN) |
226866 |
| Datos o término principal de género/forma |
Revistas |
| 700 1# - ENTRADA AGREGADA--NOMBRE PERSONAL |
| Nombre de persona |
Diego y Gutiérrez, Felipe Clemente de, |
| 9 (RLIN) |
234641 |
| Fechas asociadas al nombre |
1866-1945 |
| 700 1# - ENTRADA AGREGADA--NOMBRE PERSONAL |
| Nombre de persona |
Navarro de Palencia, José María. |
| 9 (RLIN) |
85117 |
| 700 1# - ENTRADA AGREGADA--NOMBRE PERSONAL |
| Nombre de persona |
Pérez Serrano, Nicolás, |
| Fechas asociadas al nombre |
1890-1961 |
| 9 (RLIN) |
91160 |
| 852 ## - LOCALIZACIÓN |
| Ubicación |
ES-MaACL |
| Número de control de estantería |
HEM-H-160 |
| Ubicación en estantería |
Hemeroteca |
| Signatura antigua |
Olim: HEM-1199 |
| 856 4# - LOCALIZACIÓN Y ACCESO ELECTRÓNICOS |
| Identificador Uniforme de Recursos |
<a href="https://dialnet.unirioja.es/servlet/revista?codigo=1147">https://dialnet.unirioja.es/servlet/revista?codigo=1147</a> |
| Texto de enlace |
Sumarios de la revista en Dialnet |
| 942 ## - ELEMENTOS DE ENTRADA SECUNDARIOS (KOHA) |
| Fuente del sistema de clasificación o colocación |
Clasificación decimal universal |
| Tipo de ítem Koha |
Revista |
| Suprimir en OPAC |
No |
| 955 ## - CATALOGADOR - EDICIÓN |
| Nombre de catalogador |
CRON CRON |